000 00763nam a2200217Ia 4500
001 1492
003 GE_BSU
008 181216s||||||||xx |||||||||||||| ||und||
040 _cGE_BSU
080 _a631.3004(075.3)
100 _aИтинская,Н.И. Кузнецов Н.А.
245 _aАвтотракторные эксплуатационные материалы
245 _bУчебное пособие для сельских профессионально технических училищ.
260 _aМосква
260 _b,,Высшая школа,,
260 _c1978
300 _a232 с. 19 см.
541 _h5 л.
653 _aАвтотракторные эксплуатационные материалы
942 _cBK
999 _c35624
_d35624